Southville International School and Colleges
Your cart is empty.
  • Cart
  • Lists
    Public lists Eva Luna New books Lux_list list_1
    Your lists Log in to create your own lists
  • Log in to your account
  • Your cookies
  • Search history
Southville International School and Colleges
  • Advanced search
  • Recent comments
  • Most popular
  • Libraries

Log in to your account

Log in with GOOGLE


If you do not have an external account, but do have a local account, you can still log in:

  1. Home
  2. MARC view: Media impact :
Normal view MARC view ISBD view

Media impact : (Record no. 339839)

[ view plain ]
MARC details
000 -LEADER
fixed length control field 00636nam a2200253Ia 4500
008 - FIXED-LENGTH DATA ELEMENTS--GENERAL INFORMATION
fixed length control field 170711s9999 xx 000 0 und d
020 ## - INTERNATIONAL STANDARD BOOK NUMBER
International Standard Book Number 9814040606
050 ## - LIBRARY OF CONGRESS CALL NUMBER
Classification number 302.2
050 ## - LIBRARY OF CONGRESS CALL NUMBER
Item number B576 [1998]
100 ## - MAIN ENTRY--PERSONAL NAME
Personal name Biagi, Shirley
245 ## - TITLE STATEMENT
Title Media impact :
245 ## - TITLE STATEMENT
Remainder of title an introduction to mass media /
245 ## - TITLE STATEMENT
Statement of responsibility, etc by Shirley Biagi.
250 ## - EDITION STATEMENT
Edition statement Forth edition.
260 ## - PUBLICATION, DISTRIBUTION, ETC. (IMPRINT)
Place of publication, distribution, etc Philippines :
260 ## - PUBLICATION, DISTRIBUTION, ETC. (IMPRINT)
Name of publisher, distributor, etc Wadsworth,
260 ## - PUBLICATION, DISTRIBUTION, ETC. (IMPRINT)
Date of publication, distribution, etc 1998
300 ## - PHYSICAL DESCRIPTION
Extent xxvii, 428 pages :
300 ## - PHYSICAL DESCRIPTION
Other physical details illustrations ;
300 ## - PHYSICAL DESCRIPTION
Dimensions 24cm.
500 ## - GENERAL NOTE
General note Includes end notes, glossary and index.
650 ## - SUBJECT ADDED ENTRY--TOPICAL TERM
Topical term or geographic name as entry element Mass media.
700 ## - ADDED ENTRY--PERSONAL NAME
Personal name Title.

No items available.

Media impact :

APA

Biagi S., Title, .Media impact. Philippines: .

Chicago

Biagi Shirley, Title, .Media impact. Philippines: .

Harvard

Biagi S., Title, .Media impact. Philippines: .

MLA

Biagi Shirley, Title, .Philippines: . .

  • Print
  • Cite
  • Add to your cart (remove)
  • Save record
    BIBTEX Dublin Core MARCXML MARC (non-Unicode/MARC-8) MARC (Unicode/UTF-8) MARC (Unicode/UTF-8, Standard) MODS (XML) RIS
  • More searches
    Search for this title in:
    Other Libraries (WorldCat) Other Databases (Google Scholar) Online Stores (Bookfinder.com) Open Library (openlibrary.org)

Exporting to Dublin Core...

SOUTHVILLE LIBRARY

Southville International School and Colleges Library

1281 Tropical Ave. Cor. Luxembourg St., BF Homes International, Las Pinas City

Tel. No. 8256374 / 252358 Loc. 117/146

Powered by Koha